| 000 | 01419cam a22002175a 4500 | ||
|---|---|---|---|
| 001 | L158956 | ||
| 008 | 151102s2015 xxk f 000 0 eng d | ||
| 035 | _a(Sirsi) u158956 | ||
| 041 | 0 | _aeng | |
| 110 | 2 |
_aSavills _92020 |
|
| 245 | 0 | 0 |
_aSpotlight _bHousing and aging population _h[electronic resource] |
| 260 |
_aLondon _bSavills _c2015 |
||
| 520 | _aWith predicted demographic growth in the UK over the next 30 years and an increasing aging population this paper highlights a number of issues such as the need to release property equity and ensure more efficient use of the housing stock by encouraging down-sizing to reduce the problem of under-occupation. Compares drivers of demand and drivers of need. Examines types of housing options available such as existing housing stock, new-build and premium retirement housing, retirement housing, extra care housing and nursing/care homes. Looks at housebuilding opportunities to meet current supply and future needs and discusses incentives for downsizing. Concludes with a look at a new style of development described as bungalows in the sky. | ||
| 590 | _aKA | ||
| 650 | 2 | 4 | _aRETIREMENT HOUSING |
| 650 | 2 | 4 | _aDEMOGRAPHICS |
| 651 | 4 |
_aUnited Kingdom _y |
|
| 690 |
_aResidential property _96266 |
||
| 856 | 4 | 0 |
_uhttps://www.savills.co.uk/research_articles/141285/193071-0/article.htm _zView the item free of charge from the www.savills.co.uk website. |
| 942 | _n0 | ||
| 999 |
_c115598 _d115598 |
||